Presidents of Mexico - Statistics

General Stats
  • This quiz has been taken 1,004 times
  • The average score is 24 of 66
Answer Stats
Term President % Correct
2000-06 Vicente Fox
89%
2012- Enrique Peña Nieto
86%
1876/1877-80/1884-1911 Porfirio Díaz
84%
1857-72 Benito Juárez
79%
1964-70 Gustavo Díaz Ordaz
78%
2006-12 Felipe Calderón
77%
1855 Rómulo Díaz de la Vega
72%
1833/1834-35/1839/1841-42/1843/1844/1847/1853-55 Antonio López de Santa Anna
69%
1976-82 José López Portillo
67%
1847/1848 Manuel de la Peña
67%
1988-94 Carlos Salinas
66%
1958-64 Adolfo López Mateos
64%
1982-88 Miguel de la Madrid
63%
1934-40 Lázaro Cárdenas
60%
1994-2000 Ernesto Zedillo
59%
1824-29 Guadalupe Victoria
59%
1911-13 Francisco I. Madero
56%
1924-28 Plutarco Elías Calles
56%
1917-20 Venustiano Carranza
55%
1920-24 Álvaro Obregón
52%
1970-76 Luis Echeverría
52%
1913-14 Victoriano Huerta
51%
1920 Adolfo de la Huerta
49%
1829 Vicente Guerrero
49%
1841 Francisco J. Echeverría
48%
1946-52 Miguel Alemán
43%
1952-58 Adolfo Ruiz Cortines
39%
1940-46 Manuel Ávila Camacho
37%
1932-34 Abelardo Rodríguez
31%
1928-30 Emilio Portes Gil
31%
1880-84 Manuel González
31%
1872-76 Sebastián Lerdo de Tejada
31%
1915 Roque González Garza
30%
1930-32 Pascual Ortiz Rubio
27%
1839/1842-43/1846 Nicolás Bravo
25%
1855-57 Ignacio Comonfort
24%
1837-39/1839-1841 Anastasio Bustamante
22%
1914-15 Eulalio Gutiérrez
21%
1876-77 José María Iglesias
20%
1913 Pedro Lascuráin
20%
1833-34/1846-47 Valentín Gómez Farías
20%
1855 Juan N. Álvarez
19%
1829 José M. Bocanegra
18%
1911 Francisco León de la Barra
17%
1859-60 Miguel Miramón
16%
1851-53 Mariano Arista
15%
1846/1859 Mariano Salas
15%
1847/1847-48 Pedro Anaya
15%
1864 Juan N. Almonte
14%
1876-77 Juan N. Méndez
14%
1858-59 Manuel Robles
14%
1845-46 Mariano Paredes
14%
1855 Martín Carrera
14%
1829-30 Pedro Vélez
14%
1844-45/1848-51 José J. de Herrera
13%
1836-37 José Justo Corro
13%
1853 Manuel Lombardini
13%
1832 Melchor Múzquiz
13%
1843-44 Valentín Canalizo
13%
1914 Francisco Carvajal
12%
1915 Francisco Lagos Cházaro
12%
1860 José I. Pavón
12%
1853 Juan B. Ceballos
12%
1835-36 Miguel Barragán
12%
1858 Félix Zuloaga
10%
1832-33 Manuel Gómez Pedraza
9%
No matching quizzes found
Score Distribution
Percent of People with Each Score
Percentile by Number Answered
Your Score History
You have not taken this quiz